Statistiques concernant Les plus gros transferts de l'EA Guingamp

Cliquez ici pour prendre le quiz!

Statistiques générales

  • Ce quiz a été pris 15 fois
  • Le résultat moyen est 4 sur 15

Statistiques - réponses

#SaisonEn provenance deMontant du transfertJoueur% Correct
1222/23AC Ajaccio600 K€Gaëtan Courtet
67%
615/16FC Évian1,20 M€Nicolas Benezet
58%
1317/18FC Sochaux600 K€Marcus Thuram
50%
414/15Randers FC1,90 M€Ronnie Schwartz
42%
119/20RC Lens4,00 M€Yannick Gomis
42%
1514/15FC Midtjylland500 K€Jonas Lössl
33%
1417/18Benfica550 K€Pedro Rebocho
33%
1013/14Dijon700 K€Younousse Sankharé
17%
718/19Amiens SC1,00 M€Guessouma Fofana
8%
815/16KSC Lokeren750 K€Nill de Pauw
8%
318/19Valenciennes FC2,5 M€Sikou Niakaté
8%
209/10Náutico3,00 M€Gilmar
0%
906/07Liberty Prof.750 K€Michael Helegbe
0%
503/04KRC Genk1,80 M€Moumouni Dagano
0%
1109/10FAR Rabat700 K€Mustapha Allaoui
0%

Distribution des résultats

Percentile par nombre de réponses

% des personnes avec chaque résultat

Votre développement - résultats

Vous n’avez pas pris ce quiz